000 00467nmm a2200157Ia 4500
008 251105s9999||||xx |||||||||||||||||und||
020 _a9788498387605
041 _aspa
100 _aHegarty, Shane
245 0 _aBocanegra II. La explosión de los mundos
264 _a[Madrid, España] :
_bEdiciones Salamandra,
_c2017
300 _a384 páginas
650 _aTeen & Young Adult Fiction
856 _uhttps://public.digitaliapublishing.com/a/48362
942 _cCF
999 _c91840
_d91840